000 01040nam a2200241Ia 4500
003 OSt
005 20210525101311.0
008 210310s2003 it ad gr 100 0 eng d
040 _aCO-JMCR
_cCO-JMCR
041 0 _aeng
082 0 4 _a336.2006 /
_bR432r
_223
111 2 _aResearch Department Public Finance Workshop
_d(2003 :
_cPerugia)
_937852
245 1 0 _aTax policy :
_bResearch Department Public Finance Workshop /
_cBanca D'Italia
260 _aPerugia :
_bBanca D'Italia
_c2003
300 _a643 páginas :
_bilustraciones y gráficas a blanco y negro ;
_c24 cm.
500 _aIncluye notas a pie de página.
504 _aBibliografía: página 643
505 0 _aTaxation and the labour market -- Taxation and fiscal policy -- Tax competition and tax harmonisation -- Tax reforms
650 1 4 _aTributación y mercado de trabajo
_914842
_xCongresos, conferencias, etc.
650 2 4 _aPolítica fiscal
_xCongresos, conferencias, etc.
_937853
650 2 4 _aReformas fiscales
_xCongresos, conferencias, etc.
_937854
942 _2ddc
_cBK
999 _c7579
_d7579